000 00618nam a2200181Ia 4500
008 100921s9999 xx 000 0 und d
082 _b40999
_a891.463 न 05
100 _aवर्टीकर अर्चना.
245 _aरिकामी ओंजळ.
260 _bचैतन्य प्रकाशन,पुणे.
_c2005
300 _a159
_bजयेश एजन्सी,पुणे.
365 _b111
520 _aललित-कथा.
630 _aरिकामी ओंजळ.
650 _aललित-कथा.
730 _aरिकामी ओंजळ.
942 _cBOOK
999 _c790112
_d790109